| 000 | 00996nam a2200301 i 4500 | ||
|---|---|---|---|
| 999 |
_c522666 _d522666 |
||
| 001 | 4161499 | ||
| 003 | NUST | ||
| 005 | 20181222072945.0 | ||
| 008 | 781201s1976 enkab 001 0 eng | ||
| 010 | _a 78318443 | ||
| 020 |
_a0600362191 : _c£1.50 |
||
| 038 | _awaseem | ||
| 040 |
_aDLC _cDLC _dDLC |
||
| 041 | 1 | _aengcze | |
| 050 | 0 | 0 |
_aQB591 _b.R8313 |
| 082 | 0 | 0 |
_a523.3 _bRUK |
| 100 | 1 |
_aRükl, Antonín. _912779 |
|
| 245 | 1 | 0 |
_aMoon, Mars and Venus : _ba concise guide in colour / _c[by] Antonín Rükl ; [translated from the Czech by Daniela Coxon]. |
| 260 |
_aLondon ; _aNew York : _bHamlyn, _c1976. |
||
| 300 |
_a255 p. : _bill., maps (chiefly col.) ; _c18 cm. |
||
| 500 | _aMaps (1 col.) on lining papers. | ||
| 500 | _aIncludes indexes. | ||
| 651 | 0 |
_aMoon _xObservers' manuals. _912780 |
|
| 651 | 0 |
_aMars (Planet) _xObservers' manuals. _912781 |
|
| 651 | 0 |
_aVenus (Planet) _xObservers' manuals. _912782 |
|
| 906 |
_a7 _bcbc _corignew _d4 _encip _f19 _gy-gencatlg |
||
| 942 |
_2ddc _cBK |
||